Statistics for Geographical Terms Starting With A

Click here to take the quiz!

General Stats

  • This quiz has been taken 34 times
  • The average score is 5 of 8

Answer Stats

HintAnswer% Correct
Percipitation that has become more acidic than normal.acid rain
91%
The mixture of gases, aerosols, solid particles, and water vapor that envelops the Earth.atmosphere
88%
A bound collection of maps.atlas
84%
A collection of islands in a sea.archipelago
81%
The height of an object in the atmosphere above sea level.altitude
69%
A pair of points on the Earth's surface that are diametrically opposite to each otherantipodes
22%
An underground layer of water-bearing permeable rock, rock fractures, or unconsolidated materials such as gravel, sand, or silt.aquifer
9%
A deep gully cut by a stream that flows only part of the year; a dry gulch.arroyo
9%

Score Distribution

Percentile by Number Answered

Percent of People with Each Score

Your Score History

You have not taken this quiz